000 00874nam a2200241 i 4500
001 20617
003 ES-MaACL
005 20230906152332.0
007 t|
008 021115s1953 sp |||| | spa d
100 1 _aAckermann, Klaus.
_918284
245 1 3 _aEl país de las multitudes mudas
_b= (Das land der stummen millionen) /
_cKlaus Ackermann ; [traducción al español por Adolfo Rojo Colmeiro].
246 3 1 _aDas land der stummen millionen
260 _aMadrid :
_bEditora Nacional,
_c[1953] (
_fUguina)
300 _a361 p. ;
_c21 cm.
490 1 _aLibros de actualidad política ;
_v10
650 4 _aClase trabajadora-
_zURSS.
_9165059
651 4 _aURSS-
_xSituación social-
_y1945-1989.
_9144379
700 1 _aFojo Colmeiro, Adolfo.
_951431
830 0 _aLibros de actualidad política ;
_v10
_9182069
852 _aES-MaACL
_jC-5847
999 _c20617
_d20617